ՀՀ Գիտությունների ազգային ակադեմիայի հիմնարար գիտական գրադարան  =   Fundamental Scientific Library of NAS RA

Բաքու : (Record no. 113641)

MARC details
000 -LEADER
fixed length control field 00737nam a2200205 u 4500
001 - CONTROL NUMBER
control field 000307960
003 - CONTROL NUMBER IDENTIFIER
control field AM-YeHGA
005 - DATE AND TIME OF LATEST TRANSACTION
control field 20250617130239.0
008 - FIXED-LENGTH DATA ELEMENTS--GENERAL INFORMATION
fixed length control field 040212s1984 ai r 000 0 arm d
040 ## - CATALOGING SOURCE
Original cataloging agency AM-YeHGA
041 0# - LANGUAGE CODE
Language code of text/sound track or separate title arm
090 ## - LOCALLY ASSIGNED LC-TYPE CALL NUMBER (OCLC); LOCAL CALL NUMBER (RLIN)
-- 114980
245 10 - TITLE STATEMENT
Title Բաքու :
Remainder of title [Պատմամշակությաին ակնարկ] /
Statement of responsibility, etc. Է. Աղաև; Գրախոս.՝ Ռզա Ասքյարով; Խմբ.՝ Գ.Ս. Օհանյան.
260 ## - PUBLICATION, DISTRIBUTION, ETC.
Place of publication, distribution, etc. Երևան :
Name of publisher, distributor, etc. Հայաստան,
Date of publication, distribution, etc. 1984.
300 ## - PHYSICAL DESCRIPTION
Extent 84 էջ :
Other physical details [8] թ. նկ. ;
Dimensions 20 սմ.
650 14 - SUBJECT ADDED ENTRY--TOPICAL TERM
Topical term or geographic name entry element Տնտեսություն
Geographic subdivision Բաքու
653 0# - INDEX TERM--UNCONTROLLED
Uncontrolled term Մայրաքաղաքներ
700 1# - ADDED ENTRY--PERSONAL NAME
Personal name Ասքյարով, Ռզա
Relator term գրախոս.
Relationship rev
700 1# - ADDED ENTRY--PERSONAL NAME
Personal name Օհանյան, Գ.Ս.
Relator term խմբ.
Relationship edt
Holdings
Withdrawn status Lost status Damaged status Not for loan Collection Home library Current library Date acquired Total checkouts Full call number Barcode Date last seen Price effective from Koha item type Public note
        General Fundamental Scientific Library Fundamental Scientific Library 22/12/2016   308(479.24) 220072023 22/12/2016 22/12/2016 Գրքեր / Books 30 Days Loan
        General Fundamental Scientific Library Fundamental Scientific Library 22/12/2016   308(479.24) 220072216 22/12/2016 22/12/2016 Գրքեր / Books 30 Days Loan


ՀՀ ԳԱԱ հիմնարար գիտական գրադարան
ՀՀ,Երևան 0019
Մարշալ Բաղրամյան 24/6
հեռախոս:(374-10) 52-47-50
Հետադարձ կապ

All site content, except where otherwise noted, is licensed under a
Creative Commons License